00791nam a22002417a 450000500170000001000150001702000260003202000230005803500130008103700130009408200100010724500780011725000110019526000440020627000460025030000350029649000690033150000530040065000230045365000270047665000280050370000180053120140502105315.0 aENG-109653 c595.00a9781259097409 c595.00a1259097404 aEN-93186 bDBAD/PUB a658.500aManaging operations across the supply chain /cby Morgan Swink...[et al] a2nd ed aNew DelhibMcGraw Hill Education c2014 aP-24, Green Park Extn.bNew Delhie110016 axxxii,603p. :c29cm(pbk)bill. aThe McGraw-Hill/Irwin series in operations and decision sciences aIncludes bibliographical references and indexes. aBusiness logistics aProduction management. a Industrial management. aSwink, Morgan